Trustworthiness of halal products among Muslim consumer (Record no. 737)
[ view plain ]
| 000 -LEADER | |
|---|---|
| fixed length control field | 01225nam a22002897a 4500 |
| 001 - CONTROL NUMBER | |
| control field | 03351 |
| 003 - CONTROL NUMBER IDENTIFIER | |
| control field | HDC |
| 007 - PHYSICAL DESCRIPTION FIXED FIELD--GENERAL INFORMATION | |
| fixed length control field | cr bn --- |
| 008 - FIXED-LENGTH DATA ELEMENTS--GENERAL INFORMATION | |
| fixed length control field | 210107b20172017my ||||| |||| 00| 0 eng d |
| 040 ## - CATALOGING SOURCE | |
| Original cataloging agency | HDC |
| 245 #0 - TITLE STATEMENT | |
| Title | Trustworthiness of halal products among Muslim consumer |
| Statement of responsibility, etc. | / Rahimah Mohamed Yunos, Nor Balkish Zakaria and Che Faridah Che Mahmood |
| 260 ## - PUBLICATION, DISTRIBUTION, ETC. | |
| Place of publication, distribution, etc. | Malaysia: |
| Name of publisher, distributor, etc. | Accounting Research Institute, UiTM, |
| Date of publication, distribution, etc. | 2017 |
| 300 ## - PHYSICAL DESCRIPTION | |
| Extent | 1 online resource (10 pages) |
| 336 ## - CONTENT TYPE | |
| Content type term | text |
| Source | rdacontent |
| 337 ## - MEDIA TYPE | |
| Media type term | computer |
| Source | rdamedia |
| 338 ## - CARRIER TYPE | |
| Carrier type term | online resource |
| Source | rdacarrier |
| 500 ## - GENERAL NOTE | |
| General note | Extract from: Proceedings of the 8th International Conference on Financial Criminology, 2017 |
| -- | Includes bibliographical references |
| 650 ## - SUBJECT ADDED ENTRY--TOPICAL TERM | |
| Topical term or geographic name entry element | Consumer behavior |
| Geographic subdivision | Malaysia |
| 9 (RLIN) | 1988 |
| 650 ## - SUBJECT ADDED ENTRY--TOPICAL TERM | |
| Topical term or geographic name entry element | Halal food industry |
| Geographic subdivision | Malaysia |
| 9 (RLIN) | 218 |
| 700 ## - ADDED ENTRY--PERSONAL NAME | |
| Personal name | Che Faridah Che Mahmood |
| Relator term | joint author |
| 9 (RLIN) | 2569 |
| 700 ## - ADDED ENTRY--PERSONAL NAME | |
| Personal name | Nor Balkish Zakaria |
| Relator term | joint author |
| 9 (RLIN) | 1990 |
| 700 ## - ADDED ENTRY--PERSONAL NAME | |
| Personal name | Rahimah Mohamed Yunos |
| Relator term | joint author |
| 9 (RLIN) | 2568 |
| 856 ## - ELECTRONIC LOCATION AND ACCESS | |
| Public note | Request full-text at [email protected] |
| 942 ## - ADDED ENTRY ELEMENTS (KOHA) | |
| Source of classification or shelving scheme | Library of Congress Classification |
| 942 ## - ADDED ENTRY ELEMENTS (KOHA) | |
| Koha item type | Conference Paper |
| 942 ## - ADDED ENTRY ELEMENTS (KOHA) | |
| Call number prefix | CONF 000261 |
| Withdrawn status | Lost status | Source of classification or shelving scheme | Damaged status | Not for loan | Home library | Current library | Shelving location | Date acquired | Total checkouts | Full call number | Date last seen | Price effective from | Koha item type |
|---|---|---|---|---|---|---|---|---|---|---|---|---|---|
| Library of Congress Classification | Halal Development Corporation Library | Halal Development Corporation Library | Open Shelves | 24/05/2023 | CONF 000261 | 24/05/2023 | 24/05/2023 | Conference Paper |
